000 00683nam a2200205Ia 4500
001 3087
003 GE_BSU
008 181216s||||||||xx |||||||||||||| ||und||
040 _cGE_BSU
080 _a621.642(075.8)
100 _aАлександров,А.В. Яковлев,Е.И.
245 _aПроектирование эксплуатация систем дальнего транспорта газа.
245 _bУчебник.
260 _aМ.
260 _bНедра.
260 _c1974.
300 _a482стр.22см.
653 _aПроектирование эксплуатация систем дальнего транспорта газа.
942 _cBK
999 _c37131
_d37131